=LDR 00000nam 2200000 4500 =001 INLIS000000000024034 =005 20130612122639 =008 ***********************************ind** =035 ##$$0010-061300000024034 =041 ##$$a ind =082 ##$$a 028.5 =090 ##$$a 028.5, Rek p =100 ##$$a Reksodihardjo, Gayatri =245 ##$$a Penyu Terakhir, Gayatri Reksodihardjo =260 ##$$a 1993 $b Jakarta =300 ##$$a 22 hlm., 17 cm =650 ##$$a Penyu =850 ##$$a NBPNMAT